| 000 | 01267nam a22003617a 4500 | ||
|---|---|---|---|
| 003 | CHAP | ||
| 005 | 20220329133842.0 | ||
| 008 | 971013s1975 r 00010 d | ||
| 010 | _a11791 | ||
| 011 | _a12763 | ||
| 035 | _a16349 | ||
| 040 | _cCHAP | ||
| 082 |
_a581.13342 _bC6 |
||
| 100 | 0 | 0 |
_aCooper, J. P. _927754 |
| 245 | _aPhotosynthesis and productivity in different environments | ||
| 260 |
_aLondon : _bCambridge, _c1975 |
||
| 300 |
_a715 p. _b: láms. ; gráfs. |
||
| 490 |
_aInternational Biological Programme _v; 3 |
||
| 590 |
_aBATCH-UPD _b10 _c20130110 _lUCH01 _h1647 |
||
| 590 |
_aBATCH-UPD _b10 _c20130410 _lUCH01 _h1037 |
||
| 590 |
_aBATCH-UPD _b10 _c20130914 _lUCH01 _h1104 |
||
| 590 |
_aCONVERSION _b10 _c20130109 _lUCH01 _h1308 |
||
| 650 | 1 | 4 |
_aEcosistema. _935290 |
| 650 | 1 | 4 |
_aFisiología vegetal. _941136 |
| 650 | 1 | 4 |
_aFotosíntesis. _942737 |
| 650 | 1 | 4 |
_aPlantas _xEfecto del medio ambiente. _988821 |
| 830 |
_aInternational Biological Programme _v; 3 _959555 |
||
| 901 | _aBK | ||
| 942 | _cLIBRO | ||
| 949 |
_a581.13342 C6 _bBC _cLIBRO _d33724000512687 _eLIBRO _fc.3 _h57882 _i16349 _si |
||
| 949 |
_a581.13342 C6 _bBC _cLIBRO _d33724000512703 _eLIBRO _h42630 _i16349 _si |
||
| 949 |
_a581.13342 C6 _bBC _cLIBRO _d33724000512935 _eLIBRO _fc.2 _h49002 _i16349 _si |
||
| 999 |
_c11791 _d11791 |
||